• 首页
  • 本馆介绍
  • 公告通知
  • 最新文献
  • 馆藏检索
  • 电子资源
  • 读者导购
  • 参考咨询
  • 我的图书馆
  • 登录
  • 详细信息显示
  • 放入我的书架
  • 预约/预借图书
  • 作者相关作品
  • 分类相关作品
  • 丛书相关作品
  • 出版社相关作品

书目信息

  • 表格格式
  • 工作单格式
  • 卡片格式
题名:
现代艺术大师论艺术
    
 
作者: 毕加索 著 ;常宁生 编译
分册:  
出版信息: 北京   中国人民大学出版社  2003
页数: 303页
开本: 24cm
丛书名: 朗朗书房
单 册:
中图分类: J0-53
科图分类:
主题词: 艺术理论--文集
电子资源:
ISBN: 7-300-04893-5
000 01400nam0 2200361 450
000 01363nam0 2200349 450
000 01361nam0 2200361 450
000 01307nam0 2200337 450
000 01303nam0 2200325 450
000 01266nam0 2200313 45
001 TS2006028239
005 20070122144911.10
010    @a7-300-04893-5@dCNY49.80
100    @a20060829d2003 kem y0chiy0110 ea
101 1  @achi@ceng
102    @aCN@b110000
105    @aa z 000yd
200 1  @a现代艺术大师论艺术@AXian Dai Yi Shu Da Shi Lun Yi Shu@f(西)毕加索等著@F( Xi ) Bi Jia Suo Deng Zhu@g常宁生编译
210    @a北京@c中国人民大学出版社@d2003
215    @a303页@c图@d24cm
225 2  @a朗朗书房@i西方艺术史论名著@v5
308    @a丛书第一辑
330    @a本书精选了20世纪最重要的15位画家和雕塑家所撰写的20多篇最具代表性的论文。论文集中阐述了他们各自在艺术创作上的思考和见解,使读者可以了解他们的现代艺术观念,以及这些观念的来源、形成和发展的过程。
410  0 @12001 @a西方艺术史论名著@v5
510 1  @aModern Artists on Art@zeng
606 0  @a艺术理论@x文集
690    @aJ0-53@v4
701  0 @c(西)@a毕加索@ABi Jia Suo@c(Picasso,Pablo@f1881~1973)@4著
702  0 @a常宁生@AChang Ning Sheng@f(1955~)@4编译
801  0 @aCN@b中图数据@c20070122
905    @a10447@dJ0-53@e181
    
    现代艺术大师论艺术/(西)毕加索等著/常宁生编译.-北京:中国人民大学出版社,2003
    303页:图;24cm.-(朗朗书房.西方艺术史论名著;5)
    
    
    ISBN 7-300-04893-5:CNY49.80
    本书精选了20世纪最重要的15位画家和雕塑家所撰写的20多篇最具代表性的论文。论文集中阐述了他们各自在艺术创作上的思考和见解,使读者可以了解他们的现代艺术观念,以及这些观念的来源、形成和发展的过程。
●
相关链接 在E读中查询图书 在五车中查询图书 在当当中查询图书 在豆瓣中查询图书


正题名:现代艺术大师论艺术     索取号:J0-53/181         预约/预借

序号 登录号 条形码 馆藏地/架位号 状态 备注
1 0608009   206080097   第一样本阅览室/ [索取号:J0-53/181] 在馆    
2 0608010   206080104   第一借阅区/ [索取号:J0-53/181] 在馆    
3 0608011   206080113   第一借阅区/ [索取号:J0-53/181] 在馆    
唐山师范学院图书馆 欢迎您!
大连网信软件有限公司© 版权所有